000 00523nam a22001697a 4500
999 _c63997
_d63997
005 20260306102312.0
008 260306s2025 enk||||| |||| 00| 0 eng d
020 _a9784805319796x
041 _aeng
080 _a821.521-31 N-26
100 _aNatsume, Soseki
_927064
245 _aKokoro /
_cSoseki Natsume; Translate by Edwin McClellan.
264 _aTokyo :
_bTuttle Publishing,
_c2025.
300 _a255 p.;
_b21 cm.
700 _aMcClellan, Edwin
_eმთარგმნელი
_927065
942 _2udc
_cᲬᲘᲒᲜᲘ